Aplicación clínica de las técnicas neuromusculares

Αποθηκεύτηκε σε:
Λεπτομέρειες βιβλιογραφικής εγγραφής
Κύριοι συγγραφείς: Chaitow, Leon (Συγγραφέας), Walker Delany, Judith (Συγγραφέας)
Μορφή: Βιβλίο
Γλώσσα:Ισπανικά
Έκδοση: Barcelona Paidotribo 2007
Θέματα:
Ετικέτες: Προσθήκη ετικέτας
Δεν υπάρχουν, Καταχωρήστε ετικέτα πρώτοι!

MARC

LEADER 00000nam a2200000 a 4500
001 UCI9048
003 CL-VaPUC
008 081024e20070000SP |||||||||||||||||spa|d
020 |a 9788480198684 
082 0 4 |a 616.7  |b CHA  |2 21 
100 0 |a Chaitow, Leon  |e author  |9 532721 
700 0 |a Walker Delany, Judith  |e author  |9 532722 
245 1 0 |a Aplicación clínica de las técnicas neuromusculares 
300 |a 2 v 
942 |c BK 
945 |d 20081024 00:00:00  |a rbrito 
260 |a Barcelona  |b Paidotribo  |c 2007 
500 |a v.1: Parte superior del cuerpo 
500 |a v.2: Extremidades inferiores 
650 0 |a Músculos  |9 269552 
650 7 |a CRANEO  |2 CL-VaPUC  |9 532723 
650 7 |a HOMBRO  |2 CL-VaPUC  |9 532724 
650 7 |a BRAZO  |2 CL-VaPUC  |9 408400 
650 7 |a TORAX  |2 CL-VaPUC  |9 344506 
650 0 |a Pelvis  |9 344508 
650 7 |a CADERA  |2 CL-VaPUC  |9 408402 
650 7 |a RODILLA  |2 CL-VaPUC  |9 408403 
583 |a last modification  |c 20081024 00:00:00  |k Rodrigo Vera 
999 |c 331740  |d 331738 
952 |0 0  |1 0  |4 0  |6 616_700000000000000_CHA_2007  |7 0  |8 A  |9 418800  |a BIBCUR  |b BIBCUR  |d 2019-11-22  |h v.1  |i 4492757  |o 616.7 CHA 2007  |p 4492757  |r 2025-04-22  |w 2019-11-22  |y BK  |k KIN 
952 |0 0  |1 0  |4 0  |6 616_700000000000000_CHA_2007  |7 0  |8 A  |9 418801  |a BIBCUR  |b BIBCUR  |d 2019-11-22  |h v.2  |i 4492765  |o 616.7 CHA 2007  |p 4492765  |r 2025-04-22  |w 2019-11-22  |y BK  |k KIN